Country Neighbour Connect: Closest Capital, start with Less Isolated Capital City - Statistics

General Stats
  • This quiz has been taken 107 times
  • The average score is 118 of 154
Answer Stats
COUNTRY % Correct
Italy
100%
San Marino
100%
Vatican City
100%
Albania
98%
Bosnia and Herzegovina
98%
Croatia
98%
Kosovo
98%
Macedonia
98%
Montenegro
98%
Serbia
98%
Slovenia
98%
Hungary
96%
Slovakia
91%
Austria
89%
Czech Republic
89%
Denmark
89%
Germany
89%
Belarus
87%
Estonia
87%
Latvia
87%
Lithuania
87%
Poland
87%
Russia
87%
Moldova
85%
Romania
85%
Ukraine
85%
Bulgaria
83%
Greece
83%
Iraq
83%
Israel
83%
Jordan
83%
Kuwait
83%
Lebanon
83%
Oman
83%
Qatar
83%
Saudi Arabia
83%
Syria
83%
Turkey
83%
United Arab Emirates
83%
Yemen
83%
Afghanistan
79%
Armenia
79%
Azerbaijan
79%
Georgia
79%
Pakistan
79%
Tajikistan
79%
Turkmenistan
79%
Uzbekistan
79%
Bangladesh
77%
Bhutan
77%
Brunei
77%
Burma
77%
Cambodia
77%
China
77%
Djibouti
77%
East Timor
77%
Egypt
77%
Eritrea
77%
Ethiopia
77%
India
77%
Indonesia
77%
Iran
77%
Kazakhstan
77%
Kyrgyzstan
77%
Laos
77%
Malaysia
77%
Nepal
77%
North Korea
77%
Papua New Guinea
77%
South Korea
77%
South Sudan
77%
Sudan
77%
Thailand
77%
Vietnam
77%
Angola
74%
Botswana
74%
Burundi
74%
Democratic Republic of the Congo
74%
Equatorial Guinea
74%
Gabon
74%
Kenya
74%
Malawi
74%
Mongolia
74%
Mozambique
74%
Namibia
74%
Republic of the Congo
74%
Rwanda
74%
Somalia
74%
South Africa
74%
Swaziland
74%
Tanzania
74%
Uganda
74%
Zambia
74%
Zimbabwe
74%
Algeria
72%
Andorra
72%
Belgium
72%
Benin
72%
Burkina Faso
72%
Cameroon
72%
Central African Republic
72%
Côte d'Ivoire
72%
France
72%
Gambia
72%
Ghana
72%
Guinea
72%
Guinea-Bissau
72%
Liberia
72%
Libya
72%
Luxembourg
72%
Mali
72%
Mauritania
72%
Morocco
72%
Netherlands
72%
Niger
72%
Nigeria
72%
Senegal
72%
Sierra Leone
72%
Spain
72%
Togo
72%
Tunisia
72%
Argentina
70%
Bolivia
70%
Brazil
70%
Chad
70%
Chile
70%
Colombia
70%
Ecuador
70%
Guyana
70%
Liechtenstein
70%
Monaco
70%
Panama
70%
Paraguay
70%
Peru
70%
Suriname
70%
Switzerland
70%
Uruguay
70%
Venezuela
70%
Belize
68%
Canada
68%
Costa Rica
68%
El Salvador
68%
Guatemala
68%
Honduras
68%
Mexico
68%
Nicaragua
68%
United States
68%
Portugal
60%
Ireland
51%
United Kingdom
51%
Lesotho
47%
Finland
45%
Norway
45%
Sweden
45%
No matching quizzes found
Score Distribution
Percent of People with Each Score
Percentile by Number Answered
Your Score History
You have not taken this quiz